000 nam a22 7a 4500
999 _c10379
_d10379
008 180215b ||||| |||| 00| 0 eng d
100 _aWanchoo,K.
_96333
245 _aLearning Conversation Skills-IX
260 _aNew Delhi
_bGoyal Bros
_c2012